Top 10 des pays les plus riches au monde en 2023 - Statistiques

Statistiques générales
  • Ce quiz a été pris 903 fois
  • Le résultat moyen est 9 sur 10
Statistiques - réponses
Rang Pays % Correct
7- France
100%
1- États-Unis
99%
2- Chine
96%
9- Russie
93%
3- Japon
92%
4- Allemagne
91%
6- Royaume-Uni
89%
8- Canada
87%
10- Italie
83%
5- Inde
81%
Aucun quiz correspondant
Distribution des résultats
% des personnes avec chaque résultat
Percentile par nombre de réponses
Votre historique - résultats
Vous n’avez pas pris ce quiz